Too Hot To Handle Contestants - Statistics

General Stats
  • This quiz has been taken 7 times
  • The average score is 35 of 88
Answer Stats
Season Contestant % Correct
Charlie Jeer
71%
Chris Aalli
71%
Christina Carmela
71%
Christine Obanor
71%
Cristian Lager
71%
Emily Miller
71%
Flavia Laos Urbina
71%
Flavia Laos Urbina
71%
Louis Russell
71%
Louis Russell
71%
Lucy Syed
71%
6 Bri Balram
57%
2 Cam Holmes
57%
Chase DeMoor
57%
Chloe Veitch
57%
Francesca Farago
57%
Gianna Pettus
57%
Jalen Olomu-Brown
57%
James Pendergrass
57%
Jordan Frank
57%
Katherine LaPrell
57%
Kayla Carter
57%
Kayla Richart
57%
Marvin Anthony
57%
5 Alex Snell
43%
David Birtwistle
43%
Demari Davis
43%
Elle Monae
43%
Ethan Smith
43%
Georgia Hassarati
43%
Hannah Brooke
43%
Harry Johnson
43%
Harry Jowsey
43%
Izzy Fairthorne
43%
Jackson Mawhinney
43%
Joao Coronel
43%
Kelechi Dyke
43%
Madison Wyborny
43%
Matthew Smith
43%
Melinda Melrose
43%
Nathan Soan Mngomezulu
43%
Nathan Webb
43%
Nick Kici
43%
Nigel Jones
43%
Patrick Mullen
43%
Rhonda Paul
43%
Sebastian Melrose
43%
Sophie Stonehouse
43%
Stevan Ditter
43%
Valentina Rueda Velez
43%
3 Beaux Raymond
29%
3 Brianna Giscombe
29%
4 Brittan Byrd
29%
Carly Lawrence
29%
Courtney Randolph
29%
Creed McKinnon
29%
Dominique Defoe
29%
Haley Cureton
29%
Imogen Ewan
29%
Isaac Francis
29%
Jawahir Khalifa
29%
Jaz Holloway
29%
Kori Sampson
29%
Kylisha Jag
29%
Megan Thomson
29%
Nicole O'Brien
29%
Olga Bednarska
29%
Peter Vigilante
29%
Robert Van Tromp
29%
Sabrina Zima
29%
Shawn Wells
29%
Shedre "Dre" Woodard
29%
1 Bryce Hirschber
14%
5 Bryce Saltmarsh
14%
Elys Hutchinson
14%
Gerrie Labuschagne
14%
Holly Scarfone
14%
Hunter Voetsek
14%
Joey Joy
14%
Larissa Trownson
14%
Linzy Luu
14%
Lydia Clyma
14%
Obi Nnadi
14%
Sharron Townsend
14%
Tabitha Clifft
14%
Trey Rodgers
14%
Truth DuVaun
14%
Yazmin Marziali
14%
No matching quizzes found
Score Distribution
Percent of People with Each Score
Percentile by Number Answered
Your Score History
You have not taken this quiz